000 00479nam a2200169 i 4500
001 41862
003 ES-MaACL
005 20230906160515.0
007 t|
008 030312s1946 ag ||||1| spa d
100 1 _aCasas, Alvaro de las.
_936183
245 1 0 _aHoras de España en el reloj del mundo /
_cAlvaro de las Casas.
250 _a6ª ed.
260 _aBuenos Aires :
_bMoran,
_c[1946] (
_fLlordén)
300 _a86 p. ;
_c18 cm.
852 _aES-MaACL
_jB-10667
_bR.27746
999 _c41862
_d41862